Le pré-aux-clercs (Record no. 169905)

MARC details
000 -LEADER
campo de control de longitud fija 00623nam a22001815i 4500
001 - NÚMERO DE CONTROL
campo de control 169905
003 - IDENTIFICADOR DE NÚMERO DE CONTROL
campo de control ES-MaACL
005 - FECHA Y HORA DE LA ÚLTIMA TRANSACCIÓN
campo de control 20230906214232.0
008 - DATOS DE LONGITUD FIJA--INFORMACIÓN GENERAL
campo de control de longitud fija 081217s1933 fr |||| | fre d
100 1# - ENTRADA PRINCIPAL--NOMBRE DE PERSONA
Nombre de persona Planard, Eugène de.
9 (RLIN) 139092
245 13 - MENCIÓN DEL TÍTULO
Título Le pré-aux-clercs
Resto del título : opéra-comique en trois actes /
Mención de responsabilidad, etc. par E. de Planard ; musique de Hérold.
250 ## - MENCION DE EDICION
Mención de edición Nouv. ed.
260 ## - PUBLICACIÓN, DISTRIBUCIÓN, ETC.
Lugar de publicación, distribución, etc. Paris :
Nombre del editor, distribuidor, etc. Librairie Stock,
Fecha de publicación, distribución, etc. 1933.
300 ## - DESCRIPCIÓN FÍSICA
Extensión 76 p. ;
Dimensiones 19 cm.
650 14 - PUNTO DE ACCESO ADICIONAL DE MATERIA--TÉRMINO DE MATERIA
Término de materia o nombre geográfico como elemento de entrada Óperas-
Subdivisión de forma Libretos.
9 (RLIN) 137584
700 1# - ENTRADA AGREGADA--NOMBRE PERSONAL
Nombre de persona Hérold, Ferdinand.
9 (RLIN) 137970
852 ## - LOCALIZACIÓN
Ubicación ES-MaACL
Número de control de estantería 2245-F-5
itemnumber R.140910
Nota libre .- Biblioteca Jacinto Martínez Lacalle
Holdings
Estatus retirado Estado de pérdida Estado de daño No para préstamo Colección Biblioteca de origen Biblioteca actual Ubicación en estantería Fecha de adquisición Fuente de adquisición Total de préstamos Signatura topográfica completa Código de barras Visto por última vez Precio de reemplazo Tipo de ítem Koha
        Colección de folletos Biblioteca del Ateneo de Madrid Biblioteca del Ateneo de Madrid Depósito folletos 17/12/2008     2245-F-5 1178382 23/02/2023 23/02/2023 Folleto